000 00890nam a2200253 i 4500
001 bg
100 1 _aFisher, Roger
_d(1922- ).
245 1 0 _aDochodząc do TAK :
_bnegocjowanie bez poddawania się /
_cRoger Fisher, William Ury, Bruce Patton ; przeł. i przedmową opatrzył Robert A. Rządca.
246 _iTyt. oryg.:
_aGetting to yes : negotiating agreement without giving in
250 _aWyd. 2 [i. e. 3].
260 _aWarszawa :
_bPolskie Wydaw. Ekonomiczne,
_c2000.
300 _a255, [1] s. ;
_c20 cm.
500 _aTyt. oryg.: "Getting to yes : negotiating agreement without giving in" 1991.
650 9 _aNegocjacje
700 1 _aUry, William
_d(1953- ).
700 1 _aPatton, Bruce.
020 _a832081250X
040 _cBPK
041 1 _apl
_hen
080 _a65.011:316.47
920 _a83-208-1250-X
942 _cKS
008 s pl f |000 0 pol
999 _c38224
_d38224
856 _uhttp://koha.tu.koszalin.pl/cgi-bin/koha/opac-detail.pl?biblionumber=38224
_yKatalog online BPK